000 01228nam2a22002651 4500
001 rc\638369
005 20250621231505.0
035 _a(NLR Aleph) 005971652
090 _a6941442
_c6941442
100 _a20031121d1986 |||y0rusy50 ca
101 0 _arus
102 _aRU
105 _ay |||||||||
200 0 _a... за 1981-1985 гг.
_fСоставитель Т.В. Дорофеева
_gРед. И.Г. Палилова
210 _d1986
_aБ. м.
215 _a119 с.
461 0 _1001rc\638367
_12001#$aОсушительные мелиоративные системы$eУказ. лит. ...$fВАСХНИЛ, Центр. науч. с.-х. б-ка$v... за 1981-1985 гг.
_96941425
_cМ.
_d1986
_fВАСХНИЛ, Центр. науч. с.-х. б-ка
_nЦНСХБ
_oУказ. лит. ...
_tОсушительные мелиоративные системы
_v... за 1981-1985 гг.
702 1 _aДорофеева
_bТ.В.
_4220
702 1 _4340
_7ca
_8rus
_aПалилова
_bИ. Г.
_cбиблиограф
_f1928-2010
_gИрина Геннадиевна
_9225367
_3RU\NLR\AUTH\770225423
801 0 _aRU
_bNLR
_gpsbo
801 1 _aRU
_bELAR
_2rusmarc
852 _aNLR
_bС
_jК-1/3430
942 _cBOOK
980 _aNB